[Event "POL-ch qual U17"]
[Site "Jastrzebia Gora"]
[Date "2013.09.28"]
[Round "2.2"]
[White "Klingenberg, Lukasz"]
[Black "Zebracki, Tomasz"]
[Result "0-1"]
[WhiteElo "1148"]
[BlackElo "2029"]
[PlyCount "54"]
[EventDate "2013.09.28"]
[EventType "tourn"]
[EventRounds "7"]
[EventCountry "POL"]
[SourceTitle "EXT 2023"]
[Source "ChessBase"]
[SourceDate "2022.10.05"]
[SourceVersion "1"]
[SourceVersionDate "2022.10.05"]
[SourceQuality "1"]

1. e4 e6 2. d4 d5 3. exd5 exd5 4. Bd3 Nc6 5. Nf3 Bd6 6. Nc3 Nge7 7. Be3 Bg4 8. Be2 Qd7 9. Ng5 Bf5 10. Bd3 f6 11. Nf3 Bg4 12. h3 Bh5 13. g4 Bg6 14. Nh4 Bxd3 15. Qxd3 0-0-0 16. 0-0-0 g5 17. Ng2 h5 18. f3 a6 19. a3 Na5 20. Nb1 Nc4 21. Nd2 Qb5 22. Nxc4 dxc4 23. Qc3 Nd5 24. Qe1 Bxa3 25. Kd2 Bb4+ 26. c3 Bxc3+ 27. bxc3 Qb2# 0-1

[Event "POL-ch qual U17"]
[Site "Jastrzebia Gora"]
[Date "2013.09.28"]
[Round "4.1"]
[White "Sliwicki, Damian"]
[Black "Klingenberg, Lukasz"]
[Result "1-0"]
[WhiteElo "2126"]
[BlackElo "1148"]
[PlyCount "35"]
[EventDate "2013.09.28"]
[EventType "tourn"]
[EventRounds "7"]
[EventCountry "POL"]
[SourceTitle "EXT 2023"]
[Source "ChessBase"]
[SourceDate "2022.10.05"]
[SourceVersion "1"]
[SourceVersionDate "2022.10.05"]
[SourceQuality "1"]

1. e4 e5 2. Nf3 Nc6 3. Bc4 Bc5 4. 0-0 Nf6 5. d4 exd4 6. e5 Ng4 7. Bxf7+ Kxf7 8. Ng5+ Kf8 9. Qxg4 Nxe5 10. Qf5+ Qf6 11. Nxh7+ Rxh7 12. Qxh7 d6 13. Qh8+ Ke7 14. Nd2 Bf5 15. Qxa8 Ng4 16. Nf3 Qe6 17. Re1 d3 18. Rxe6+ 1-0

[Event "POL-ch qual U17"]
[Site "Jastrzebia Gora"]
[Date "2013.09.28"]
[Round "6.2"]
[White "Zwara, Szymon"]
[Black "Klingenberg, Lukasz"]
[Result "1-0"]
[WhiteElo "1787"]
[BlackElo "1148"]
[PlyCount "111"]
[EventDate "2013.09.28"]
[EventType "tourn"]
[EventRounds "7"]
[EventCountry "POL"]
[SourceTitle "EXT 2023"]
[Source "ChessBase"]
[SourceDate "2022.10.05"]
[SourceVersion "1"]
[SourceVersionDate "2022.10.05"]
[SourceQuality "1"]

1. e4 e6 2. d4 d5 3. Nd2 Nc6 4. Ngf3 dxe4 5. Nxe4 Nf6 6. Nxf6+ Qxf6 7. Bg5 Qf5 8. c3 Be7 9. Bd3 Qd5 10. Bxe7 Nxe7 11. 0-0 0-0 12. Ne5 f6 13. Nf3 Nc6 14. Re1 Bd7 15. Qc2 h6 16. Rad1 Kh8 17. a3 Be8 18. Re3 Bf7 19. Rde1 Rfe8 20. Qe2 Qd7 21. Nh4 Kg8 22. f4 Rad8 23. Rg3 Re7 24. Qg4 Be8 25. Ng6 f5 26. Nxe7+ Qxe7 27. Qe2 Bf7 28. Bxf5 Re8 29. Re3 Qd6 30. Bxe6 Bxe6 31. Rxe6 Rxe6 32. Qxe6+ Qxe6 33. Rxe6 Kf7 34. Rxc6 bxc6 35. Kf2 Kf6 36. Kf3 Kf5 37. g4+ Kf6 38. h4 Ke6 39. Ke4 g6 40. f5+ gxf5+ 41. gxf5+ Kf7 42. Ke5 Ke7 43. f6+ Kf7 44. Kf5 Ke8 45. Kg6 Kf8 46. h5 c5 47. b3 c6 48. b4 a6 49. bxc5 a5 50. c4 a4 51. f7 Ke7 52. Kg7 Ke6 53. f8Q Kd7 54. d5 Kc7 55. dxc6 Kxc6 56. Qc8# 1-0